Communes du Canton de Genève - Statistiques

Statistiques générales
  • Ce quiz a été pris 5 845 fois
    2 308 depuis la dernière actualisation
  • Le résultat moyen est 29 sur 45
Réponses sur la Carte
Les réponses sont colorées sur une échelle allant du rouge au vert en fonction du pourcentage des utilisateurs qui les ont devinées à leur premier essai. Vous pouvez retrouver ces pourcentages ci-dessous.
 
Statistiques - réponses
Habitants Commune % Correct
206 635 Genève
96%
26 882 Meyrin
88%
22 311 Carouge
87%
36 229 Lancy
86%
37 460 Vernier
83%
13 846 Versoix
82%
18 886 Onex
78%
10 864 Bernex
76%
12 806 Le Grand-Saconnex
76%
6 024 Cologny
75%
4 577 Satigny
74%
16 690 Thônex
74%
9 450 Chêne-Bourg
71%
12 221 Plan-les-Ouates
71%
1 236 Hermance
70%
11 917 Veyrier
70%
8 630 Collonge-Bellerive
66%
1 651 Chancy
65%
4 104 Bellevue
63%
550 Gy
63%
1 173 Jussy
62%
874 Céligny
61%
1 853 Dardagny
60%
2 896 Genthod
60%
2 548 Bardonnex
59%
13 876 Chêne-Bougeries
59%
2 558 Puplinge
59%
1 757 Avully
58%
1 408 Avusy
58%
3 194 Perly-Certoux
58%
2 521 Anières
57%
1 160 Aire-la-Ville
56%
1 685 Collex-Bossy
56%
4 035 Pregny-Chambésy
56%
2 858 Troinex
56%
961 Soral
54%
4 552 Confignon
52%
524 Russin
52%
2 079 Meinier
51%
2 958 Vandœuvres
51%
2 282 Corsier
50%
1 247 Choulex
49%
1 046 Cartigny
48%
726 Presinge
48%
670 Laconnex
47%
Aucun quiz correspondant
Distribution des résultats
% des personnes avec chaque résultat
Percentile par nombre de réponses
Votre historique - résultats
Vous n’avez pas pris ce quiz depuis la dernière actualisation